Finite mathematics & its applications / (Record no. 1595)

000 -LEADER
fixed length control field 01156cam a22003854a 4500
003 - CONTROL NUMBER IDENTIFIER
control field OCoLC
005 - DATE AND TIME OF LATEST TRANSACTION
control field 20210629065901.0
008 - FIXED-LENGTH DATA ELEMENTS--GENERAL INFORMATION
fixed length control field 051027s2007 njua 001 0 eng
020 ## - INTERNATIONAL STANDARD BOOK NUMBER
International Standard Book Number 0131873644
040 ## - CATALOGING SOURCE
Transcribing agency DLC
042 ## - AUTHENTICATION CODE
Authentication code pcc
049 ## - LOCAL HOLDINGS (OCLC)
Holding library OSU&
050 00 - LIBRARY OF CONGRESS CALL NUMBER
Classification number QA39.2
Item number .G643 2007
090 ## - LOCALLY ASSIGNED LC-TYPE CALL NUMBER (OCLC); LOCAL CALL NUMBER (RLIN)
Classification number (OCLC) (R) ; Classification number, CALL (RLIN) (NR) 510 G578
100 1# - MAIN ENTRY--PERSONAL NAME
Personal name Goldstein, Larry Joel.
245 10 - TITLE STATEMENT
Title Finite mathematics & its applications /
Statement of responsibility, etc. Larry J. Goldstein, David I. Schneider, Martha J. Siegel.
250 ## - EDITION STATEMENT
Edition statement Ninth edition
260 ## - PUBLICATION, DISTRIBUTION, ETC.
Place of publication, distribution, etc. Upper Saddle River, NJ :
Name of publisher, distributor, etc. Pearson Prentice Hall,
Date of publication, distribution, etc. c2007.
300 ## - PHYSICAL DESCRIPTION
Extent xv, 634, A82, I4 pages :
Other physical details illustrations (some color) ;
Dimensions 27 cm.
336 ## - CONTENT TYPE
Content type term text
Content type code txt
Source rdacontent
337 ## - MEDIA TYPE
Media type term unmediated
Media type code n
Source rdamedia
338 ## - CARRIER TYPE
Carrier type term volume
Carrier type code nc
Source rdacarrier
500 ## - GENERAL NOTE
General note Includes index.
650 #0 - SUBJECT ADDED ENTRY--TOPICAL TERM
Topical term or geographic name entry element Mathematics.
700 1# - ADDED ENTRY--PERSONAL NAME
Personal name Schneider, David I.
700 1# - ADDED ENTRY--PERSONAL NAME
Personal name Siegel, Martha J.
942 ## - ADDED ENTRY ELEMENTS (KOHA)
Source of classification or shelving scheme
Koha item type Book
Suppress in OPAC DO
948 ## - LOCAL PROCESSING INFORMATION (OCLC); SERIES PART DESIGNATOR (RLIN)
Series part designator, SPT (RLIN) 17/05/2006
b (OCLC) 08/05/2007
Holdings
Withdrawn status Lost status Source of classification or shelving scheme Damaged status Not for loan Permanent Location Current Location Shelving location Date acquired Total Checkouts Full call number Barcode Date last seen Price effective from Koha item type Public note
          AU LIBRARY AU LIBRARY Open Shelf 29.06.2021   QA39.2 .G643 2007 28000430 29.06.2021 29.06.2021 Book DO

Powered by Koha